Flag Fragments 2 Quiz Stats

 Plays Quiz not verified by Sporcle

Score 0/20 Timer 10:00
0 Plays Today
Continent Country % Correct
5. AsiaJapan
99%
3. AsiaChina
97.4%
10. OceaniaAustralia
97.1%
14. South AmericaArgentina
94.9%
13. AsiaSaudi Arabia
93.2%
4. South AmericaVenezuela
90%
6. AsiaMalaysia
88.1%
11. EuropeMacedonia
88.1%
18. AfricaGhana
86.8%
8. South AmericaParaguay
83.6%
Continent Country % Correct
16. OceaniaPapua New Guinea
80.1%
1. North AmericaHaiti
79.4%
12. AfricaSomalia
77.5%
2. AfricaEthiopia
74.9%
17. North AmericaEl Salvador
73.3%
20. OceaniaVanuatu
68.8%
7. AfricaMozambique
66.9%
15. EuropePortugal
66.9%
19. EuropeGreece
66.9%
9. North AmericaGrenada
63.3%

You're not logged in!

Compare scores with friends on all Sporcle quizzes.
OR
Log In

Show Comments

Extras

Top Quizzes Today


Score Distribution

Your Account Isn't Verified!

In order to create a playlist on Sporcle, you need to verify the email address you used during registration. Go to your Sporcle Settings to finish the process.

Report this User

Report this user for behavior that violates our Community Guidelines.

Details: